Schaum's outline of theory and problems of electric circuits (Record no. 15876)

000 -LEADER
fixed length control field 00535nam a22001937a 4500
001 - CONTROL NUMBER
control field 15876
003 - CONTROL NUMBER IDENTIFIER
control field BD-DhUET
008 - FIXED-LENGTH DATA ELEMENTS--GENERAL INFORMATION
fixed length control field 150316b xxu||||| |||| 00| 0 eng d
040 ## - CATALOGING SOURCE
Original cataloging agency DLC
Transcribing agency DLC
Modifying agency BD-DhUET
082 ## - DEWEY DECIMAL CLASSIFICATION NUMBER
Classification number 623.01
Item number EDM/1965
100 ## - MAIN ENTRY--PERSONAL NAME
Personal name Edminister, Joseph A.
245 ## - TITLE STATEMENT
Title Schaum's outline of theory and problems of electric circuits
250 ## - EDITION STATEMENT
Edition statement 1st ed.
260 ## - PUBLICATION, DISTRIBUTION, ETC. (IMPRINT)
Place of publication, distribution, etc. New York
Name of publisher, distributor, etc. McGraw-Hill Book
Date of publication, distribution, etc. 1965
300 ## - PHYSICAL DESCRIPTION
Extent 289p.
490 ## - SERIES STATEMENT
Series statement Schaum's outline series
650 #0 - SUBJECT ADDED ENTRY--TOPICAL TERM
Topical term or geographic name as entry element Circuits : Electric : Engineering
942 ## - ADDED ENTRY ELEMENTS (KOHA)
Koha item type General Book
Holdings
Lost status Shelving location Source of classification or shelving scheme Koha normalized classification for sorting Piece designation (barcode) Date acquired Damaged status Not for loan Koha date last seen Withdrawn status Koha full call number Koha item type Copy number Location (home branch) Price effective from Sublocation or collection (holding branch)
 Circulation section 623_010000000000000_EDM_1965148042015-03-16  2015-03-16 623.01/EDM/1965General Book1Central Library, BUET2015-03-16Central Library, BUET
 Circulation section 623_010000000000000_EDM_1965360802015-03-16  2015-03-16 623.01/EDM/1965General Book2Central Library, BUET2015-03-16Central Library, BUET
 Circulation section 623_010000000000000_EDM_196596032015-04-25  2015-04-25 623.01/EDM/1965General Book3Central Library, BUET2015-04-25Central Library, BUET
 Circulation section 623_010000000000000_EDM_196596042015-04-25  2015-04-25 623.01/EDM/1965General Book4Central Library, BUET2015-04-25Central Library, BUET
 Circulation section 623_010000000000000_EDM_1965148062015-04-25  2015-04-25 623.01/EDM/1965General Book5Central Library, BUET2015-04-25Central Library, BUET
 Reading section 623_010000000000000_EDM_1965148082015-06-29  2015-06-29 623.01/EDM/1965Reading Item6Central Library, BUET2015-06-29Central Library, BUET
 Reading section 623_010000000000000_EDM_196596062015-07-02  2015-07-02 623.01/EDM/1965Reading Item7Central Library, BUET2015-07-02Central Library, BUET